History Quiz

Random History or Islam Quiz

WHAP Chapter 7 Vocabulary Quiz Stats

 Plays Quiz not verified by Sporcle

Challenge
Share
Tweet
Embed
Score 0/22 Timer 10:00
0 Plays Today
Defination Vocaubulary % Correct
Series of military invasions initially launched by Christians to free the holy lands from the Muslims.Crusade
40%
A collection of Persian poems by Oman Kahyyam.Rubiyat
40%
Great Mongol war commander.Chinggis Khan
40%
Burning of widows on the same funeral pyres as their deceased husbands.sati
40%
Successor of al-Mahdi.Harun al-Rashid
20%
A tale which immortalized Harun's court.The Thousand and One Night
20%
The successor of Harun al-rashid, who won the first civil war.al-Ma'mun
20%
The twin emblems of women's increasing subjugation to men and confinement to the home in the Abbasid era.The harem and the Veil
20%
A regional splinter dynasty in Persia who invaded the heartland of Abbasid dynasty and captured Baghdad.Buyid
20%
A group that supplanted the Buyids.Seljuk Turk
20%
Muslim leader in the last decades of the 12 th century; reconquered most of the crusader outposts for Islam.Saladin
20%
Defination Vocaubulary % Correct
Lengthy epic poem by Firdawsi.Shah Nama
20%
Person who developed a classifying scheme: animals, vegetables, minerals.al-Razi
20%
Wandering mystics who sought a personal union with Allah.Sufi
20%
Descendant of Guptas in India; brirfly constructed a loose empire in northern India between 616 and 657 CE.Harsha
20%
Trading empire which centered on Malacca.Shrivijaya
20%
a trading city whose small trading empires replaced the falling Shrivijaya empire.Malacca
20%
Orthodox scholars within Islam; opposed non-Muslim scientific thinks.ulama
0%
Turkic slaves who defeated the Mongols and then ruled Egypt.Mameluk
0%
Third ruler of Delhi Sultanate Empire; gave Muslims reputation for intolerance and aggression.Mahmud of Ghazni
0%
Muslim mystic during the 15th century; played down the importance of ritual differences between Hinduism and Islam.kabir
0%
Most powerful of the trading states on north coast Java; converted to Islam adn served as point dissemination to other ports.Demak
0%

You're not logged in!

Compare scores with friends on all Sporcle quizzes.
Join for Free
OR
Log In

You Might Also Like...

Show Comments

Extras

Created Oct 24, 2011ReportNominate
Tags:Islam Quiz, World History

Top Quizzes Today


Score Distribution

Your Account Isn't Verified!

In order to create a playlist on Sporcle, you need to verify the email address you used during registration. Go to your Sporcle Settings to finish the process.

Report this User

Report this user for behavior that violates our Community Guidelines.

Details: